[Event "45th Olympiad 2024"]
[Site "Budapest HUN"]
[Date "2024.09.15"]
[Round "5.30"]
[Board "3"]
[White "Escalona Landi, Samid Eduardo"]
[Black "Lee, Kyungseok"]
[Result "1-0"]
[WhiteElo "2305"]
[BlackElo "2044"]
[PlyCount "159"]
[EventDate "2024.09.11"]
[WhiteTeam "Venezuela"]
[BlackTeam "South Korea"]
[WhiteTeamCountry "VEN"]

1. Nf3 {Stohl,Igor} d5 2. c4 e6 3. g3 Nf6 4. b3 d4 5. Bg2 Be7 6. O-O O-O 7. e3 Nc6 ({RR} 7... c5 8. exd4 cxd4 9. d3 Nc6 10. Qe2 ({RR} 10. Re1 Nd7 11. Na3 Bb4 ({RR} 11... e5 12. Nc2 a5 13. a3 ({RR} 13. Rb1 Rb8 14. a3 b5 15. cxb5 ({RR} 15. Nd2 Qc7 16. Bxc6 Qxc6 17. Nxd4 exd4 18. Rxe7 Nc5) 15... Rxb5 16. Nh4 Ndb8 17. Nf3 Be6 18. b4 axb4 19. axb4 f6 20. Bd2 Qd7 21. Qe2 Rc8) 13... f6 ({RR} 13... Rb8 14. b4) 14. Rb1 Nc5 15. b4 axb4 16. axb4 Na4 17. Bd2 Bf5 18. b5 Nb8 19. Nfxd4 exd4 20. Bxb7 Ra7 21. Bd5+ Kh8 22. Nxd4 Bxd3 ({RR} 22... Bc8 23. Ra1 Bc5 24. Nb3 Qb6 25. d4 Bxd4 26. Nxd4 Qxd4 27. Be3 Qxd1 28. Rexd1 Ra5 29. Rd2) 23. Ne6 Qc8 24. Ra1 Bxc4 25. Qg4 Bb4 26. Bxb4) 12. Re2 e5 13. Nc2 Bc3 14. Rb1 a5 15. a3 Re8 16. b4 axb4 17. axb4 e4 18. Rxe4 Rxe4 19. dxe4 Nde5 20. Nxe5 ({RR} 20. Bf4 d3 21. Ne3 Nxf3+ 22. Qxf3 Nd4 23. Qh5 Ne2+ 24. Kh1 Be6) 20... Nxe5 21. Ne3 ({RR} 21. c5 Bg4 22. f3 d3 23. Ne3 Qd4 24. Kh1 Be6) 21... Be6 22. Nd5 Nxc4 23. Bf4 h6) ({RR} 10. Na3 e5 ({RR} 10... Nd7 11. Nc2 a5 12. Nfxd4 Nxd4 13. Nxd4 Bf6 14. Be3 Nb8 15. Nb5 Bxa1 16. Qxa1 Na6 17. Qc3 f6 18. a3 e5 19. c5 Rb8 20. d4 exd4 21. Qc4+ Kh8 22. Bf4 Ra8 23. Rd1 Re8 24. Nd6) 11. Nc2 Bf5 12. Re1 Nd7 13. Rb1 a5 14. a3 Bf6 15. b4 axb4 16. axb4 Re8 17. Rb3 e4) ({RR} 10. Bg5) 10... a5 ({RR} 10... Ne8 11. Na3 f6 12. Nc2 Nc7 13. a3 a5 14. Rb1 Rb8 15. Nd2 Na6 16. Bb2 ({RR} 16. f4) 16... e5 17. f4 exf4 18. gxf4 ({RR} 18. Rxf4) 18... Bc5 19. Bd5+) ({RR} 10... Nd7 11. Na3 e5 12. Nc2 f6 13. a3 a5 14. Rb1 ({RR} 14. Bd2) 14... Ra7 ({RR} 14... Nc5) 15. Nd2 Kh8 16. f4 ({RR} 16. b4) 16... Nc5 17. f5 Bd7 18. Ne4 b6 19. g4 Nxe4 20. Bxe4 Nb8 21. Ne1 Bc6 22. Nf3 Bxe4 23. Qxe4 Na6) 11. Na3 ({RR} 11. Ne5 Qb6) ({RR} 11. Bb2 a4 12. bxa4 Rxa4 13. Nbd2) 11... a4 12. Bb2 ({RR} 12. Nc2 axb3 13. axb3 Rxa1 14. Nxa1 Qb6) ({RR} 12. bxa4 Nd7 13. Nb5 e5) 12... Nd7 13. Nb5 e5 14. Nd2 Nc5 ({RR} 14... a3 15. Bc1) 15. Ba3 Bf5 ({RR} 15... Ne6 16. Bxe7 Qxe7 17. Ne4 Rd8) 16. Bxc5 ({RR} 16. Bxc6 bxc6 17. Qxe5 Bxd3 18. Rfe1 cxb5 19. Qxe7 ({RR} 19. Bxc5 Bf6) 19... Qxe7 20. Rxe7 Ne6 21. Rxe6) 16... Bxc5 17. Kh1 ({RR} 17. Ne4 Qe7 ({RR} 17... Be7)) 17... Bg6 18. Ne4 Be7 19. f4 f5 ({RR} 19... exf4 20. gxf4) 20. Nd2 exf4 21. gxf4 ({RR} 21. Rxf4 Bg5) ({RR} 21. Bd5+ Kh8 22. gxf4) 21... Re8 ({RR} 21... Bf7) 22. Qe6+ {0-1 Kamsky,G (2720)-Shirov,A (2745) Bazna Kings 3rd 2009 (1)} ({RR} 22. Bxc6 bxc6 23. Qe6+ Bf7 24. Qxc6 Rc8 25. Qg2 Bf6)) 8. Re1 $146 ({RR} 8. exd4 Nxd4 9. Bb2 Nxf3+ ({RR} 9... Bc5) 10. Qxf3 Rb8 11. Qe2 b6 12. Nc3 Bb7 13. Rad1 Bxg2 14. Kxg2 c6 15. Ne4 Rb7 ({RR} 15... Rb7 16. Ng5 Nd7 17. Nf3 Bf6 18. d4 Qc8 19. Nd2) 16. Ng5 Nd7 17. Nf3 Bf6 18. d4 Qc8 19. Nd2 c5 20. Ne4 Bxd4 21. Bxd4 cxd4 22. Rxd4 Nc5 {1-0 Botvinnik,M-Stahlberg,G Olympiad-11 Final A 1954 (1)}) ({RR} 8. exd4 Nxd4 9. Bb2 Nxf3+ 10. Qxf3 Rb8 11. Qe2 b6 12. Nc3 Bb7 13. Rad1 Bxg2 14. Kxg2 c6 15. Ne4 Nxe4 16. Qxe4 Rc8) ({RR} 8. exd4 Nxd4 9. Bb2 Bc5 10. d3 Nxf3+ 11. Bxf3 Bd4 12. Nc3 c6 13. Re1 e5 14. Qc2 Bf5 15. Rad1 Re8 16. Ne2 Bxb2 17. Qxb2 Qc7 18. d4 exd4 19. Nxd4 Bg6 20. Kg2 h6 21. b4 Rxe1 22. Rxe1 Rd8 {½-½ Maurizzi,M (2597)-Bellahcene,B (2516) Titled Tue 6th Feb Late 2024 (3)}) ({RR} 8. exd4 Nxd4 9. Bb2 Bc5 10. Na3 Nxf3+ 11. Qxf3 e5 12. b4 Bd4 13. Bxd4 Qxd4 14. Qe3 Rd8 15. Nb5 Qxe3 16. dxe3 c6 17. Nc7 Rb8 18. b5 Rd7 19. Rfd1 Kf8 20. Rxd7 Bxd7 21. Rb1 Rc8 22. bxc6 Bxc6 {½-½ Arslanov,S (2405)-Golubov,S (2233) Chigorin Memorial 21st 2013 (7)}) 8... e5 9. Bb2 Bg4 10. h3 Bh5 11. e4 Nd7 12. d3 a5 13. a3 Nc5 14. Qc2 Ra6 15. Nbd2 Rb6 16. Rab1 Qd7 17. Bc1 Bg6 18. g4 h5 19. Nh2 Bg5 20. Bf3 h4 21. Bg2 Qe7 22. Nhf3 Bf4 23. Kh1 Bh7 24. Ng1 g5 25. Ne2 Bxd2 26. Bxd2 f6 27. b4 axb4 28. axb4 Nxb4 29. Rxb4 Nxd3 30. Qxd3 Rxb4 31. Qa3 c5 32. Bxb4 cxb4 33. Qb3 Qc5 34. Nc1 Rc8 35. Nd3 Qxc4 36. Qxc4+ Rxc4 37. Rb1 Bg6 38. Nxb4 d3 39. Nxd3 Rxe4 40. Rxb7 Re2 41. Nc5 Rxf2 42. Kg1 Rc2 43. Bd5+ Kf8 44. Ne4 Bxe4 45. Bxe4 Rc3 46. Kg2 Rg3+ 47. Kh2 Re3 48. Bg6 Rf3 49. Rf7+ Kg8 50. Kg2 Rf4 51. Rc7 Kf8 52. Bh5 Kg8 53. Bg6 Kf8 54. Rd7 Kg8 55. Rf7 e4 56. Re7 Rf3 57. Bxe4 Rg3+ 58. Kh2 Kf8 59. Ra7 Re3 60. Bg6 Re2+ 61. Kg1 Re3 62. Kg2 Rg3+ 63. Kf2 Rxh3 64. Rf7+ Kg8 65. Rxf6 Kg7 66. Rc6 Ra3 67. Bf5 Ra2+ 68. Ke3 Ra8 69. Rg6+ Kf7 70. Rxg5 Rh8 71. Be4 h3 72. Rf5+ Ke6 73. Bd5+ Kd6 74. Kf2 Rh4 75. Kg3 Rh8 76. Bh1 Ke7 77. Rf2 Ke6 78. Be4 Ke5 79. Bg6 Ke6 80. Bh5 1-0

[Event "45th Olympiad 2024"]
[Site "Budapest HUN"]
[Date "2024.09.15"]
[Round "5.31"]
[Board "2"]
[White "Wong, Jianwen"]
[Black "Maerevoet, Sim"]
[Result "1/2-1/2"]
[WhiteElo "2231"]
[BlackElo "2432"]
[PlyCount "197"]
[EventDate "2024.09.11"]
[WhiteTeam "Malaysia"]
[BlackTeam "Belgium"]
[WhiteTeamCountry "MAS"]
[BlackTeamCountry "BEL"]

1. Nf3 d5 2. c4 d4 3. g3 Nc6 4. Bg2 e5 5. d3 Nf6 6. O-O Bc5 7. b4 ({RR} 7. Na3 O-O 8. Nc2 a5 9. Bg5 Re8 10. Nd2 h6 11. Bxf6 Qxf6 12. a3 Qe7 13. Re1 a4 14. e3 dxe3 15. Nxe3 Nd4 16. Nd5 Qd8 17. Ne4 Bf8 18. Qh5 c6 19. Ne3 f5 20. Nc3 Qf6 21. Qd1 f4 {0-1 Grandelius,N (2663)-Petrosyan,M (2628) Titled Arena 2nd Jan blitz 2021}) 7... Nxb4 ({RR} 7... Bxb4 8. Nxe5 Nxe5 9. Qa4+ Bd7 10. Qxb4 Bc6 11. Bxc6+ bxc6 12. Ba3 Ned7 13. Qa4 Rb8 14. Nd2 Qc8 15. Nf3 c5 16. Bxc5 c6 17. Bxd4 c5 18. Be5 Rb6 19. Bxf6 Ra6 20. Qb5 Rb6 21. Qa5 Ra6 22. Qc3 {0-1 Wendt,J (2278)-Atanasov,A (2384) Titled Tue 2nd Jan Late 2024 (1)}) 8. Nxe5 O-O 9. a3 Nc6 $146 ({RR} 9... Na6 10. Nf3 Re8 11. Bb2 Qd6 12. Nbd2 Bd7 13. a4 Bc6 14. Nb3 Rad8 15. Na5 Nb4 16. Nxc6 Nxc6 17. Nd2 Na5 18. Rb1 b6 19. Bf3 Qe6 20. Bc1 h6 21. Re1 Nc6 22. Nb3 Ne5 23. Bg2 Bb4 24. Bd2 {½-½ Bilek,I-Naranja,R Olympiad-18 Final A 1968 (2)}) ({RR} 9... Na6 10. Nd2 Re8 11. Nef3 h6 12. Nb3 Bb6 13. a4 c5 14. a5 Bc7 15. e3 dxe3 16. fxe3 Rb8 17. d4 Bg4 18. Qd3 Qe7 19. Bd2 Rbd8 20. Rae1 Ne4 21. Bc1 Nb4 22. Qb1 Nc6 23. Qa1 b6 24. axb6 {0-1 Sobay,K (2126)-Yaran,S (1997) Kemer Turkey Cup 2014 (7)}) 10. Nxc6 bxc6 11. Nd2 Qe7 12. Nb3 Bg4 13. Ra2 Rab8 14. Na5 Rb6 15. h3 Bh5 16. Bf4 Ra6 17. Qd2 Qxe2 18. Nb3 Rxa3 19. Rxa3 Bxa3 20. Ra1 Qxd2 21. Bxd2 Bb2 22. Rxa7 Bg6 23. Bf1 h6 24. Rxc7 Bc3 25. Bf4 Rb8 26. Nc5 Rb2 27. g4 Be1 28. Bg3 Rb6 29. h4 Bb4 30. Nd7 Nxd7 31. Rxd7 h5 32. gxh5 Bxh5 33. Rxd4 Kh7 34. Rd8 Be7 35. Rd7 Bf6 36. Bg2 Bg6 37. Be4 c5 38. Rxf7 Bd4 39. Bxg6+ Kxg6 40. Rf3 Rb1+ 41. Kg2 Rd1 42. Bf4 Kh5 43. Bg5 Kg4 44. Be3 Rxd3 45. Rf4+ Kh5 46. Bxd4 cxd4 47. Kf1 Rd2 48. Ke1 Rc2 49. Rxd4 g5 50. hxg5 Kxg5 51. Kf1 Kf5 52. Kg2 Rc3 53. f3 Rc1 54. Re4 Ra1 55. Kf2 Ra3 56. Re3 Ra2+ 57. Kg3 Rc2 58. Re4 Rc1 59. Kf2 Rc3 60. Ke2 Ra3 61. Rd4 Ke5 62. Rd3 Ra4 63. Rc3 Kd4 64. Rc2 Ra6 65. c5 Re6+ 66. Kd2 Rc6 67. Rc1 Rh6 68. Re1 Kxc5 69. Re4 Rh8 70. Ke3 Kd5 71. Kf2 Rf8 72. Kg3 Rg8+ 73. Kh3 Rf8 74. Kg4 Rg8+ 75. Kf4 Rf8+ 76. Ke3 Rh8 77. Kf2 Rf8 78. Re2 Kd6 79. Re1 Kd5 80. Re3 Kd6 81. Kg3 Rg8+ 82. Kh4 Rf8 83. Kg5 Rg8+ 84. Kf6 Rf8+ 85. Kg7 Rf4 86. Kh6 Rf8 87. Kg6 Kd5 88. Kg5 Rg8+ 89. Kf6 Rf8+ 90. Kg5 Rg8+ 91. Kf5 Rf8+ 92. Kg4 Rg8+ 93. Kf4 Rf8+ 94. Kg3 Rg8+ 95. Kf2 Rf8 96. Re4 Rg8 97. Ke3 Rh8 98. Kd2 Kc5 99. Ke3 1/2-1/2

[Event "45th Olympiad 2024"]
[Site "Budapest HUN"]
[Date "2024.09.15"]
[Round "5.32"]
[Board "1"]
[White "Galaviz Medina, Sion Radamantys"]
[Black "Araujo Sanchez, Josue"]
[Result "1-0"]
[WhiteElo "2488"]
[BlackElo "2296"]
[PlyCount "55"]
[EventDate "2024.09.11"]
[WhiteTeam "Mexico"]
[BlackTeam "Dominican Republic"]
[WhiteTeamCountry "MEX"]
[BlackTeamCountry "DOM"]

1. d4 Nf6 2. c4 e6 3. Nc3 Bb4 4. e3 O-O 5. Bd3 c5 6. Nge2 d5 7. a3 Bxc3+ 8. bxc3 dxc4 9. Bxc4 Nc6 10. O-O e5 11. Qc2 Na5 $146 ({RR} 11... cxd4 12. exd4 exd4 13. Rd1 Bg4 14. cxd4 Rc8 15. Qa4 Nd5 16. Bb2 Nb6 17. Qc2 Ne7 18. Qe4 Nxc4 19. Qxg4 Nxb2 20. Rdb1 Nc4 21. Rxb7 Rc7 22. Rxc7 Qxc7 23. Rc1 Nd5 24. Ng3 g6 25. h4 Ne5 26. Rxc7 {0-1 Silbermann,H-Marshall,F Olympiad-06 Warsaw 1935 (18)}) ({RR} 11... Qc7 12. Ba2 Rd8 13. Bb2 Bg4 14. Ng3 Rac8 15. Rac1 Qe7 16. h3 Be6 17. Nf5 Qd7 18. Bxe6 fxe6 19. dxe5 Nxe5 20. c4 Nd3 21. Nh6+ gxh6 22. Bxf6 Nxc1 23. Bxd8 Rxd8 24. Qxc1 b6 25. Qb2 Qg7 26. Qc2 {0-1 Sarana,A (2706)-Keymer,V (2726) Chess.com Classic Div 1 W 2024 (1.2)}) ({RR} 11... cxd4 12. cxd4 exd4 13. Rd1 Qc7 14. Nxd4 Nxd4 15. Rxd4 Be6 16. Bd3 Qxc2 17. Bxc2 Rac8 18. Bd3 Nd7 19. Bb2 Nc5 20. Bc2 Nb3 21. Bxb3 Bxb3 22. Rd7 Be6 23. Rxb7 Rb8 24. Rxb8 Rxb8 25. Bd4 a5 26. f3 {½-½ Wersching,A (2063)-Dusper,H (2184) Harkany Tenkes Cup 25th 2001 (7)}) 12. Ba2 Qc7 13. c4 cxd4 14. exd4 exd4 15. Nxd4 Ng4 16. Nf3 Nc6 17. Bb2 Qf4 18. Bb1 Qh6 19. h3 Nf6 20. a4 Be6 21. Ra3 Rac8 22. Bxf6 gxf6 23. Re1 Rfd8 24. Qb2 Na5 25. Nd4 Nxc4 26. Rg3+ Kh8 27. Qxb7 Rxd4 28. Qxc8+ 1-0

[Event "45th Olympiad 2024"]
[Site "Budapest HUN"]
[Date "2024.09.15"]
[Round "5.32"]
[Board "3"]
[White "Ibarra Chami, Luis Fernando"]
[Black "Jimenez Jimenez, Leandro"]
[Result "1-0"]
[WhiteElo "2427"]
[BlackElo "2188"]
[PlyCount "123"]
[EventDate "2024.09.11"]
[WhiteTeam "Mexico"]
[BlackTeam "Dominican Republic"]
[WhiteTeamCountry "MEX"]
[BlackTeamCountry "DOM"]

1. e4 e5 2. Nf3 Nf6 3. Nxe5 Nxe4 4. Qe2 Qe7 5. Qxe4 d6 6. d4 dxe5 7. dxe5 Nc6 8. Nc3 Qxe5 9. Qxe5+ Nxe5 10. Nb5 Bb4+ 11. Bd2 Bxd2+ 12. Kxd2 Kd7 $146 ({RR} 12... Kd8 13. Rd1 a6 14. Kc1+ Bd7 15. Nd4 c5 16. Nf5 g6 17. Ne3 Kc8 18. f4 Nc6 19. Bc4 f5 20. Nd5 b5 21. Nb6+ Kc7 22. Nxa8+ Rxa8 23. Bd5 Rc8 24. Rhe1 a5 25. c3 b4 26. g3 a4 27. Bxc6 {1-0 Martinez Alcantara,J (2591)-Riehle,M (2353) Titled Tuesday intern op 06th Sep Late blitz 2022 (8)}) ({RR} 12... Kd8 13. Rd1 Bd7 14. Kc1 Kc8 15. Be2 a6 16. Nc3 Bc6 17. Rhe1 h5 18. h4 Kb8 19. f4 Ng6 20. g3 Ka7 21. Bc4 f6 22. Bf7 Rh6 23. Bd5 Be8 24. Re3 Rh8 25. Bf3 Rc8 26. a4 c6 27. Ne4 {1-0 Sindarov,J (2661)-Mamedyarov,S (2738) 1st Kasimdzhanov Masters 2023 (2.2)}) ({RR} 12... Kd8 13. Re1 Nd7 14. Bc4 Rf8 15. Kc1 Nb6 16. Bb3 Bd7 17. Nc3 c5 18. Nd5 Nxd5 19. Bxd5 Kc7 20. Re3 Rae8 21. Rhe1 b6 22. h4 h6 23. Kd2 Rxe3 24. Rxe3 Kd6 25. c4 g5 26. hxg5 hxg5 27. Rd3 {½-½ Paravyan,D (2612)-Rakhmatullaev,A (2426) Titled Tue 30th Jan Early 2024 (10)}) ({RR} 12... O-O 13. Re1 Nc6 14. Nxc7 Rb8 15. Nd5 Be6 16. Ne3 b5 17. Kc1 a5 18. a3 Rfc8 19. Kb1 b4 20. a4 b3 21. c3 Rd8 22. Be2 Rd2 23. Kc1 Rbd8 24. f4 Kf8 25. Bf3 Nb8 26. Rd1 R2d3 27. Be4 {1-0 Dudek,R-Flis,J Bydgoszcz-A 1978 (15)}) 13. Re1 Ng4 14. f3 Nh6 15. Bd3 c6 16. Nc3 Kd8 17. g4 f5 18. gxf5 Bxf5 19. Ne4 Kc7 20. Rhg1 g6 21. Kc3 Bxe4 22. Rxe4 Rae8 23. Rh4 Nf7 24. f4 Nd6 25. Kd4 Rd8 26. Ke3 Rhe8+ 27. Kf3 Re7 28. Rg5 Rf8 29. Kg2 b6 30. Re5 Rfe8 31. Kf3 Kd7 32. b3 Rf7 33. Rxe8 Kxe8 34. Rg4 Ke7 35. h4 Kf6 36. h5 Nf5 37. Rg1 Re7 38. Rh1 Re3+ 39. Kf2 Re7 40. a4 c5 41. a5 Nd6 42. Kf3 Nf5 43. hxg6 hxg6 44. Rh8 Re3+ 45. Kf2 Re7 46. Rb8 Re6 47. Rf8+ Kg7 48. Ra8 Re7 49. Rb8 bxa5 50. Rc8 a4 51. bxa4 Nd6 52. Rc6 Ne4+ 53. Kf3 Nd2+ 54. Kg2 Ne4 55. a5 Kf7 56. a6 g5 57. f5 g4 58. Rg6 Re5 59. Re6 Rxe6 60. fxe6+ Kxe6 61. Bxe4 Ke5 62. Bc6 1-0

[Event "45th Olympiad 2024"]
[Site "Budapest HUN"]
[Date "2024.09.15"]
[Round "5.32"]
[Board "4"]
[White "Mendez Ramirez, Victor"]
[Black "Palma Villanueva, Miguel Tadeo"]
[Result "1/2-1/2"]
[WhiteElo "2191"]
[BlackElo "2266"]
[PlyCount "109"]
[EventDate "2024.09.11"]
[WhiteTeam "Dominican Republic"]
[BlackTeam "Mexico"]
[WhiteTeamCountry "DOM"]
[BlackTeamCountry "MEX"]

1. c4 g6 2. Nc3 Bg7 3. d4 c5 4. e3 Nf6 5. d5 d6 6. Nf3 O-O 7. Be2 e6 8. O-O exd5 9. cxd5 Re8 10. Nd2 Na6 ({RR} 10... Nbd7 11. a4 a6 12. e4 Rb8 13. Nc4 Nxe4 14. Nxe4 Rxe4 15. Nxd6 Rd4 16. Qb3 Qe7 17. Nxc8 Qxe2 18. Nd6 Be5 19. Be3 Rb4 20. Qa3 Bxd6 21. Rae1 Qh5 22. h3 Ne5 23. Qc3 b6 24. f4 Nd7 25. Bc1 {1-0 Pranav,A (2509)-Yen,W (2056) Titled Tue 24th Oct Early 2023 (11)}) 11. Bc4 $146 ({RR} 11. Nc4 Nc7 12. a4 b6 13. Re1 Ba6 14. Rb1 Qd7 15. b3 Bxc4 16. bxc4 Na6 17. Bf3 Nb4 18. Bb2 Re7 19. Ra1 a5 20. Qd2 Ng4 21. Bxg4 Qxg4 22. e4 Rae8 23. Re2 f5 24. f3 Bd4+ 25. Kh1 Qh4 {1-0 Piorun,K (2660)-Wieczorek,O (2497) POL-ch rapid 2019 (9)}) ({RR} 11. e4 Rb8 12. a4 Nb4 13. f3 Nd7 14. Kh1 a6 15. a5 b5 16. axb6 Nxb6 17. Nb3 Bd7 18. Bf4 Qe7 19. Qd2 c4 20. Na5 Rec8 21. Rfd1 h5 22. Be3 h4 23. h3 f5 24. Nc6 Bxc6 25. dxc6 Rxc6 {½-½ Caruana,F (2816)-Vachier Lagrave,M (2789) Leuven GCT rapid 2018 (2)}) ({RR} 11. e4 Nc7 12. Re1 Rb8 13. a4 b6 14. Qc2 a6 15. Rb1 b5 16. axb5 axb5 17. b4 cxb4 18. Rxb4 Bd7 19. Ba3 Na6 20. Rxb5 Bxb5 21. Bxb5 Nxd5 {½-½ Schmuecker,M (2256)-Gaal,Z (2063) Bad Woerishofen opA 35th 2019 (9.17)}) 11... Nc7 12. a4 Bf5 13. Re1 Ng4 14. Nf3 Ne5 15. Nxe5 Bxe5 16. Bf1 Na6 17. e4 Bxc3 18. bxc3 Rxe4 19. Rxe4 Bxe4 20. f3 Bf5 21. Bf4 g5 22. Be3 Qe7 23. Qd2 f6 24. Re1 Re8 25. h4 h6 26. g4 Bc8 27. hxg5 hxg5 28. Bd3 Qf7 29. Kf2 c4 30. Bxc4 Qh7 31. Kg2 Bxg4 32. fxg4 Qe4+ 33. Kf2 Qxc4 34. Qd4 Qc7 35. Qd3 Qh7 36. Qxh7+ Kxh7 37. Bxa7 Rxe1 38. Kxe1 Kg6 39. Bf2 f5 40. gxf5+ Kxf5 41. Bg3 Ke4 42. Bxd6 Kxd5 43. Be7 g4 44. Kf2 Nc5 45. Kg3 Nxa4 46. Kxg4 Nxc3 47. Kf3 Kd4 48. Kf2 b5 49. Ke1 Kd3 50. Bf8 Kc2 51. Bc5 Kb3 52. Bf8 Ne4 53. Kd1 Kc4 54. Kc2 Nc5 55. Bxc5 1/2-1/2

[Event "45th Olympiad 2024"]
[Site "Budapest HUN"]
[Date "2024.09.15"]
[Round "5.33"]
[Board "1"]
[White "Johnson, Joshua"]
[Black "Ferreira, Jorge Viterbo"]
[Result "0-1"]
[WhiteElo "2267"]
[BlackElo "2535"]
[PlyCount "96"]
[EventDate "2024.09.11"]
[WhiteTeam "Trinidad & Tobago"]
[BlackTeam "Portugal"]
[BlackTeamCountry "POR"]

1. e4 c5 2. Nf3 d6 3. d4 cxd4 4. Nxd4 Nf6 5. Nc3 a6 6. Be2 e5 7. Nb3 Be7 8. O-O O-O 9. Qd3 Be6 10. Bd2 Nbd7 11. Nd5 Bxd5 12. exd5 Ne8 13. Na5 ({RR} 13. c4 Bg5 14. Bxg5 Qxg5 15. Na5 b6 16. Nc6 a5 17. b3 f5 18. f4 exf4 19. Qd4 Nef6 20. Qxf4 Qxf4 21. Rxf4 g6 22. Rff1 Rae8 23. Rae1 Ne4 24. Bf3 Nd2 25. Rxe8 Rxe8 26. Rd1 Nxf3+ 27. gxf3 Kf7 {0-1 Li,C (2755)-Giri,A (2790) Norway Masters blitz 4th 2016 (4)}) 13... Rb8 ({RR} 13... Nc5 14. Qh3 Qc7 15. b4 Ne4 16. Bd3 N8f6 17. Be3 Nc3 18. Bg5 h6 19. Bxf6 Bxf6 20. Qf5 e4 21. Bc4 b5 22. Bb3 Ne2+ 23. Kh1 Bxa1 24. Rxa1 Qc3 25. Rf1 Rae8 26. a3 Nd4 27. Qf4 Re5 28. h3 {0-1 Khamdamova,A (2292)-Pingin,A (2438) Titled Tue 27th Aug Early 2024 (8)}) 14. b4 Bg5 15. Be1 $146 ({RR} 15. c4 f5 16. Bxg5 Qxg5 17. Rac1 e4 18. Qe3 Qe7 19. f4 Nef6 20. Rfd1 Qd8 21. Nb3 Qb6 22. Qxb6 Nxb6 23. Nd4 g6 24. Ne6 Rfc8 25. g3 Kf7 26. Kf2 Ke7 27. h3 h5 28. Ke3 Nbd7 29. c5 Nf8 {½-½ Krzyzanowski,M (2512)-Bok,B (2617) Titled Tue 1st Aug Early 2023 (5)}) ({RR} 15. Bxg5 Qxg5 16. c4 f5 17. Rac1 e4 18. Qe3 Qh4 19. c5 Ne5 20. c6 b6 21. Nb7 Rf6 22. f4 exf3 23. gxf3 b5 24. f4 Ng4 25. Qg3 Qxg3+ 26. hxg3 Ne3 27. Rfe1 Nxd5 28. Bf3 Ndc7 29. Re7 Kf8 {1-0 Ponomariov,R (2633)-Heinemann,J (2336) Castelldefels Llobregat op 2nd 2021 (1)}) 15... f5 16. f3 f4 17. c4 Bh4 18. g3 Qg5 19. Kg2 Nef6 20. Qd2 Qg6 21. Bd3 e4 22. Bxe4 Nxe4 23. fxe4 Qxe4+ 24. Kh3 f3 25. Rd1 Bd8 26. Qd3 Qe8 27. Rxf3 Qh5+ 28. Kg2 Bxa5 29. g4 Qxg4+ 30. Rg3 Qf4 31. Bc3 Ne5 32. Bxe5 Qxe5 33. bxa5 Rbe8 34. Rd2 Rf4 35. Kh1 Re7 36. Rdg2 Rd4 37. Qf1 Rf7 38. Qe2 Re4 39. Qd3 Rd4 40. Qe2 Re4 41. Qd3 g6 42. Rc2 Rff4 43. Rf3 Re1+ 44. Kg2 Rg4+ 45. Rg3 Rxg3+ 46. Qxg3 Qe4+ 47. Kf2 Rd1 48. Re2 Qf5+ 0-1

[Event "45th Olympiad 2024"]
[Site "Budapest HUN"]
[Date "2024.09.15"]
[Round "5.33"]
[Board "2"]
[White "Pereira, Ruben"]
[Black "Cupid, Kevin"]
[Result "1-0"]
[WhiteElo "2457"]
[BlackElo "2201"]
[PlyCount "73"]
[EventDate "2024.09.11"]
[WhiteTeam "Portugal"]
[BlackTeam "Trinidad & Tobago"]
[WhiteTeamCountry "POR"]

1. e4 c6 2. Nc3 d5 3. Nf3 a6 4. h3 g6 ({RR} 4... e6 5. d4 Nf6 6. e5 Nfd7 7. Ne2 c5 8. c3 Nc6 9. Nf4 cxd4 10. cxd4 Bb4+ 11. Bd2 Qa5 12. a3 Bxd2+ 13. Qxd2 Qxd2+ 14. Kxd2 Ke7 15. Rc1 f6 16. exf6+ gxf6 17. Bd3 Kd6 18. Bb1 e5 19. Ne2 {½-½ Sarana,A (2640)-Izoria,Z (2602) Titled Tuesday intern op 22nd June blitz 2021 (9)}) ({RR} 4... d4 5. Ne2 c5 6. Ng3 Nc6 7. Bc4 e6 8. a4 Bd6 9. d3 Nge7 10. O-O Ng6 11. Ne1 Bxg3 12. fxg3 b6 13. Nf3 h6 14. Bd2 Qd6 15. e5 Qc7 16. Qe2 Bb7 17. Rae1 Nce7 18. Nh4 Nxh4 19. gxh4 {1-0 Verbovsky,M (2194)-Mica,M (2371) Chess Slovak Open 2024 (3.5)}) 5. d4 Bg7 6. Be3 $146 ({RR} 6. Bf4 dxe4 7. Nxe4 Nf6 8. Bd3 O-O 9. O-O Nxe4 10. Bxe4 Qb6 11. Rb1 Nd7 12. c3 Nf6 13. Bc2 Qa5 14. a3 Bf5 15. Be5 Bxc2 16. Qxc2 e6 17. Rfe1 Rac8 18. Qd2 Nd7 19. Bxg7 Kxg7 20. Ne5 Rcd8 {1-0 Liwak,P (2342)-Rozman,L (2322) Titled Tue 18th Apr Late 2023 (2)}) ({RR} 6. Be2 Nh6 7. O-O O-O 8. Bf4 f6 9. Re1 Nf7 10. Bf1 e6 11. Qd2 Nd7 12. Rad1 Nb6 13. Qc1 Bd7 14. h4 Re8 15. g3 Nc8 16. Bg2 Ncd6 17. e5 fxe5 18. Nxe5 Nxe5 19. Bxe5 Bxe5 20. Rxe5 Nf7 {½-½ Sergienko,S (2337)-Silvestre,C (1942) Speed Chess Super Swiss blitz 2021 (15)}) 6... Qb6 7. a3 dxe4 8. Nd2 Bh6 9. Nc4 Qd8 10. Qd2 Bxe3 11. Qxe3 b5 12. Ne5 f6 13. Ng4 h5 14. Nh2 Nh6 15. O-O-O Kf7 16. Qxe4 Ra7 17. g4 f5 18. Qf3 Rd7 19. gxh5 Rxd4 20. Be2 e5 21. Qe3 Qf6 22. Nf3 Rxd1+ 23. Rxd1 Nd7 24. Rxd7+ Bxd7 25. Nxe5+ Kg7 26. Nxd7 Qd6 27. Ne5 Re8 28. Qxh6+ Kxh6 29. Nf7+ Kg7 30. Nxd6 Re6 31. Nb7 gxh5 32. Bxh5 Rh6 33. Bf3 Kf7 34. Bxc6 Rxh3 35. Nc5 Rh6 36. Bb7 Rb6 37. b4 1-0

[Event "45th Olympiad 2024"]
[Site "Budapest HUN"]
[Date "2024.09.15"]
[Round "5.34"]
[Board "2"]
[White "Krstulovic, Alex"]
[Black "Arkadan, Adib"]
[Result "1-0"]
[WhiteElo "2452"]
[BlackElo "2181"]
[PlyCount "63"]
[EventDate "2024.09.11"]
[WhiteTeam "Hungary C"]
[BlackTeam "Lebanon"]
[BlackTeamCountry "LBN"]

1. d4 Nf6 2. c4 e6 3. Nc3 Bb4 4. e3 O-O 5. Bd2 b6 6. Nf3 Bb7 7. Bd3 d5 8. cxd5 exd5 9. Rc1 c6 ({RR} 9... Be7 10. O-O c5 11. Ne5 Nc6 12. Be1 a6 13. f3 cxd4 14. Nxc6 Bxc6 15. exd4 Bb7 16. Bh4 Nh5 17. Bxe7 Qxe7 18. Qd2 Qd6 19. Ne2 Rfe8 20. g4 Nf6 21. Ng3 g6 22. a3 Nd7 23. Qg5 Kh8 24. Rfe1 {1-0 Yu,Y (2759)-Wang,H (2710) CHN-ch blitz 2018 (8)}) ({RR} 9... Re8 10. Ne5 Nbd7 11. f4 c5 12. O-O Rc8 13. Qf3 Ne4 14. Be1 f6 15. Nxd7 Qxd7 16. Bb5 Bc6 17. Bxc6 Rxc6 18. Nxe4 dxe4 19. Qd1 Bxe1 20. Rxe1 cxd4 21. Rxc6 Qxc6 22. Qxd4 Rc8 23. Rd1 f5 24. h4 {0-1 Pavlidou,E (2206)-Jimenez Fernandez,R (2051) European Women Blitz 2023 2024 (5.25)}) 10. Qc2 $146 ({RR} 10. Ne5 Nbd7 11. f4 Re8 12. O-O Rc8 13. Qf3 c5 14. Qh3 h6 15. Bf5 Bxc3 16. Bxc3 Rc7 17. Qg3 Ne4 18. Bxe4 dxe4 19. dxc5 Nxc5 20. Nc6 Ne6 21. Nxd8 Rxd8 22. f5 {1-0 Goltseva,E (2327)-Ardila,O (1988) Titled Tuesday intern op 01st Mar Early blitz 2022 (1)}) 10... Re8 11. a3 Bd6 12. O-O Qe7 13. e4 dxe4 14. Nxe4 Nbd7 15. Rfe1 Qf8 16. Nxf6+ Nxf6 17. Bg5 h6 18. Bxf6 gxf6 19. Be4 Re6 20. Nh4 Rae8 21. Qd3 c5 22. d5 Re5 23. f4 Rh5 24. Qf3 Rxh4 25. Qg3+ Qg7 26. Qxh4 Kh8 27. Bf5 Rg8 28. Re2 Bxd5 29. Rc3 Qf8 30. Qxf6+ Rg7 31. Rg3 Kg8 32. Qxh6 1-0

[Event "45th Olympiad 2024"]
[Site "Budapest HUN"]
[Date "2024.09.15"]
[Round "5.34"]
[Board "3"]
[White "Assaad, Joe"]
[Black "Juhasz, Agoston"]
[Result "0-1"]
[WhiteElo "2150"]
[BlackElo "2427"]
[PlyCount "60"]
[EventDate "2024.09.11"]
[WhiteTeam "Lebanon"]
[BlackTeam "Hungary C"]
[WhiteTeamCountry "LBN"]

1. e4 c6 2. d4 d5 3. Nc3 dxe4 4. Nxe4 Nf6 5. Nxf6+ exf6 6. Be3 Na6 7. a3 Nc7 8. c4 Bd6 9. Bd3 O-O 10. Qc2 h5 $146 ({RR} 10... g6 11. Ne2 Re8 12. O-O f5 13. Rfd1 Ne6 14. c5 Bb8 15. g3 f4 16. gxf4 Qh4 17. Ng3 Bxf4 18. Be4 f5 19. Bg2 Bc7 20. d5 cxd5 21. Bxd5 f4 22. Qc4 g5 23. Rd4 Qh6 24. Re4 fxe3 25. Rxe3 {0-1 Md.,S (2120)-Manon,R (2243) WALTON Rating 2023 (7.2)}) ({RR} 10... g6 11. Ne2 Re8 12. O-O Ne6 13. Rad1 Qc7 14. h3 Bd7 15. Rfe1 Rad8 16. b4 Qb8 17. Qb2 Bc8 18. Nc3 Nxd4 19. Bxd4 Rxe1+ 20. Rxe1 Bh2+ 21. Kh1 Rxd4 22. Nd5 Be5 23. Ne7+ Kg7 24. Qe2 Be6 25. g3 {0-1 Suleimen,E (2073)-Kostenko,P (2374) World Blitz 2022 (21.81)}) 11. Ne2 Re8 12. h3 Be6 13. g4 h4 14. g5 fxg5 15. O-O-O b5 16. c5 Be7 17. f4 Nd5 18. Bd2 b4 19. Rhg1 bxa3 20. bxa3 gxf4 21. Nxf4 Nxf4 22. Bxf4 Bf6 23. Bh7+ Kh8 24. Be4 Bd5 25. Bf5 Qa5 26. Qb2 Be4 27. Bxe4 Rxe4 28. Bg5 Bxd4 29. Qc2 Qxa3+ 30. Kd2 Rae8 0-1